[Event "SUI-chT"]
[Site "Switzerland"]
[Date "2003.05.18"]
[Round "4.6"]
[White "Friedrich, Norbert"]
[Black "Giertz, Niklaus"]
[Result "1-0"]
[WhiteElo "2295"]
[BlackElo "2270"]
[PlyCount "101"]
[EventDate "2003.03.23"]
[EventType "team-tourn"]
[EventRounds "9"]
[EventCountry "SUI"]
[SourceTitle "EXT 2004"]
[Source "ChessBase"]
[SourceDate "2003.11.25"]
[SourceVersion "1"]
[SourceVersionDate "2003.11.25"]
[SourceQuality "1"]
[WhiteTeam "Zuerich"]
[BlackTeam "Riehen"]
[WhiteTeamCountry "SUI"]
[BlackTeamCountry "SUI"]

1. e4 e5 2. Nf3 Nf6 3. Nxe5 d6 4. Nf3 Nxe4 5. Nc3 Nxc3 6. dxc3 Be7 7. Bf4 Nc6 8. Qd2 Bg4 9. Be2 Qd7 10. h3 Bh5 11. 0-0-0 0-0-0 12. Rhe1 Rhe8 13. Kb1 Bg6 14. Bb5 a6 15. Ba4 Bf6 16. Nd4 b5 17. Bb3 Rxe1 18. Rxe1 Re8 19. Rxe8+ Qxe8 20. Nxc6 Qxc6 21. Bd5 Qe8 22. c4 bxc4 23. Bxc4 Qc6 24. Qd5 Qb6 25. Bc1 Qxf2 26. Bxa6+ Kd8 27. Qc6 Qb6 28. Bb5 Qxc6 29. Bxc6 Bd4 30. Bd2 Bf5 31. b3 Bd7 32. Bd5 Be6 33. Bc6 Bd7 34. Bxd7 Kxd7 35. c4 c6 36. Kc2 g6 37. Kd3 Be5 38. b4 f5 39. a4 Kc7 40. Be3 Kb7 41. b5 d5 42. cxd5 cxd5 43. a5 f4 44. Bd4 Bd6 45. a6+ Kc8 46. Ba7 g5 47. Kd4 h5 48. Kxd5 Bc7 49. Bd4 g4 50. hxg4 hxg4 51. Kc6 1-0

[Event "SUI-chT"]
[Site "Switzerland"]
[Date "2003.04.13"]
[Round "3.8"]
[White "Zenklusen, Rico"]
[Black "Giertz, Niklaus"]
[Result "1/2-1/2"]
[WhiteElo "2297"]
[BlackElo "2262"]
[PlyCount "102"]
[EventDate "2003.03.23"]
[EventType "team-tourn"]
[EventRounds "9"]
[EventCountry "SUI"]
[SourceTitle "EXT 2004"]
[Source "ChessBase"]
[SourceDate "2003.11.25"]
[SourceVersion "1"]
[SourceVersionDate "2003.11.25"]
[SourceQuality "1"]
[WhiteTeam "Bern"]
[BlackTeam "Riehen"]
[WhiteTeamCountry "SUI"]
[BlackTeamCountry "SUI"]

1. e4 e5 2. Nf3 Nf6 3. d4 Nxe4 4. Bd3 d5 5. Nxe5 Bd6 6. 0-0 0-0 7. c4 Bxe5 8. dxe5 Nc6 9. cxd5 Qxd5 10. Qc2 Nb4 11. Bxe4 Nxc2 12. Bxd5 Bf5 13. g4 Bxg4 14. Be4 Nxa1 15. Bf4 f6 16. Nc3 fxe5 17. Be3 Nb3 18. Bd5+ Kh8 19. Bxb3 Bf3 20. Bc2 b6 21. Ne4 h6 22. Nd2 Bd5 23. f3 a5 24. a3 Rad8 25. Kf2 Bb7 26. Rc1 Rd6 27. Bb1 Rd7 28. Rg1 Rfd8 29. Ke1 Ba6 30. Rg4 Bd3 31. Bxd3 Rxd3 32. Re4 R3d5 33. Ke2 R8d6 34. Nc4 Rc6 35. Bd2 Rg6 36. Ne3 Rb5 37. Bc3 Rg5 38. h4 Rh5 39. Nc4 Kh7 40. Nxe5 Rd5 41. Nc6 Rd7 42. Nd4 Rf7 43. Kf2 Rd5 44. Kg3 Rd6 45. Re8 Rdf6 46. Re3 Rg6+ 47. Kf2 Rg4 48. Ne6 Rxh4 49. Be5 Rc4 50. Bc3 Rh4 51. Be5 Rc4 1/2-1/2